|
|
|
|
| LEADER |
00000nam a22000007a 4500 |
| 005 |
20220919231324.0 |
| 007 |
cr|||| |||| |
| 008 |
220919s2012 us |||||s|||| 00||0 eng d |
| 020 |
|
|
|a 978-158576-150-0
|
| 035 |
|
|
|a 36427
|
| 040 |
|
|
|a vLex
|
| 090 |
|
|
|c 13948
|d 13948
|
| 100 |
1 |
|
|a Randle, Russell V.
|
| 245 |
1 |
0 |
|a Oil pollution deskbook
|h [Recurso electrn̤ico] /
|c Russell V. Randle
|
| 250 |
|
|
|a 2da. Edicin̤
|
| 256 |
|
|
|a Servicio en ln̕ea
|
| 260 |
|
|
|a Washington DC:
|b Environmental Law Institute,
|c 2012
|
| 300 |
|
|
|a 1 recurso electrn̤ico
|
| 500 |
|
|
|a The Oil Pollution Act Deskbook interprets the intricacies of the Oil Pollution Act, provides valuable insight into the policies that shaped the act, and reflects on what the act may become. With the complete text of the Oil Pollution Act and the essential legislative history, this valuable desk reference provides the reader with a vital understanding of the act and its implications for the future.Complimentary review copies are not available for this title
|
| 506 |
1 |
|
|a Disponible solo en los productos indicados
|d vLex Global
|d vLex Global (Academic Edition, excluding Law Schools)
|d vLex Global (Academic Edition, Law Schools)
|
| 650 |
0 |
4 |
|a Derecho del Medio Ambiente
|z Estados Unidos
|
| 740 |
0 |
|
|a vLex Libros (Servicio en ln̕ea)
|
| 856 |
4 |
0 |
|u https://app.vlex.com/#/sources/36427
|z Acceso restringido
|
| 942 |
|
|
|c BOOK
|
| 999 |
0 |
|
|a Environmental Law
|